[Event "Najdorf Mem Open A"]
[Site "Warsaw POL"]
[Date "2010.07.25"]
[Round "9"]
[White "Bobula,M"]
[Black "Bove,A"]
[Result "1-0"]
[WhiteElo "2387"]
[BlackElo "2377"]
[EventDate "2010.07.17"]

1. d4 Nf6 2. c4 c6 3. Nc3 d5 4. cxd5 cxd5 5. Bf4 a6 6. Nf3 Nc6 7. e3 Bg4 8.
Be2 Bxf3 9. Bxf3 e6 10. O-O Be7 11. Rc1 O-O 12. Na4 Rc8 13. Nc5 Qb6 14. b3
Na7 15. Be5 Rfd8 16. Qd2 Nc6 17. Bxf6 Bxf6 18. Na4 Qa7 19. b4 Be7 20. a3
Bd6 21. Be2 e5 22. dxe5 Bxe5 23. Nc5 Qb8 24. g3 Rd6 25. Rfd1 Rcd8 26. Qa2
Ne7 27. Bf3 g6 28. Rc2 Qa7 29. Rcd2 b6 30. Nb3 Qd7 31. Nd4 h5 32. h4 Kg7
33. Bg2 Bf6 34. e4 dxe4 35. Ne6+ Qxe6 36. Qxe6 Rxd2 37. Rxd2 Rxd2 38. Qxe4
Nf5 39. Bh3 Nd6 40. Qf4 Rd4 41. Qf3 a5 42. Qc6 axb4 43. axb4 b5 44. Bf1 Be7
45. Qc7 Bf6 46. Qc6 Be7 47. Qc5 Bf6 48. Bxb5 Rd2 49. Qc6 Bd4 50. Be2 Nf5
51. Kf1 Rb2 52. b5 Rb1+ 53. Kg2 Rb2 54. Qe4 Bf6 55. Kf1 Nd4 56. Bc4 Nf5 57.
Qd5 Nh6 58. f3 Bc3 59. g4 Rd2 60. Qb7 hxg4 61. fxg4 Rd4 62. Be6 Rf4+ 63.
Ke2 Nxg4 64. Bxg4 Rxg4 65. Qc8 Rg3 66. Qc7 Rg2+ 67. Kf3 Rc2 68. b6 1-0

[Event "Najdorf Mem Open A"]
[Site "Warsaw POL"]
[Date "2010.07.25"]
[Round "9"]
[White "Pazderski,Z"]
[Black "Warakomski,T"]
[Result "0-1"]
[WhiteElo "2246"]
[BlackElo "2495"]
[EventDate "2010.07.17"]

1. d4 g6 2. e4 Bg7 3. Nc3 c6 4. Bc4 d6 5. Nf3 Nd7 6. Ng5 e6 7. Bxe6 fxe6 8.
Nxe6 Qa5 9. Nxg7+ Kf7 10. Nf5 gxf5 11. Qh5+ Kf8 12. Bf4 Qc7 13. Bh6+ Nxh6
14. Qxh6+ Kf7 15. Qh5+ Ke7 16. Qg5+ Ke8 17. Qg7 Rf8 18. exf5 d5 19. O-O Qf4
20. Rae1+ Kd8 21. Qe7+ Kc7 22. Re6 a5 23. g3 Qxf5 24. Qd6+ Kd8 25. Qe7+ Kc7
26. Qd6+ Kd8 27. Ne2 Qg5 28. Re1 Ra6 29. h4 Qg7 30. Nf4 c5 31. Qe7+ Qxe7
32. Rxe7 Rxf4 33. gxf4 Rg6+ 34. Kf1 Nf6 35. R1e5 Bd7 36. Rf7 Bb5+ 37. Ke1
Ne4 38. Rxe4 dxe4 39. dxc5 Rh6 40. Rxb7 Bc6 41. Ra7 Rxh4 42. f5 h5 43. Rh7
Be8 44. f6 Rf4 45. Rh6 Bf7 46. Ke2 Rf3 47. Rh8+ Kd7 48. Ra8 Bc4+ 49. Ke1
Rxf6 50. b3 Bf7 51. Ra7+ Kc8 52. Ke2 Rf5 53. Rxa5 h4 54. Ra8+ Kc7 55. Rh8
Bh5+ 56. f3 h3 57. Kf2 h2 58. Kg2 exf3+ 0-1

[Event "Najdorf Mem Open A"]
[Site "Warsaw POL"]
[Date "2010.07.25"]
[Round "9"]
[White "Janczarski,M"]
[Black "Beinoras,M"]
[Result "1-0"]
[WhiteElo "2285"]
[BlackElo "2386"]
[EventDate "2010.07.17"]

1. c4 Nf6 2. g3 c6 3. Bg2 d5 4. Nf3 Bf5 5. O-O e6 6. d3 h6 7. Be3 Ng4 8.
Bf4 Nd7 9. cxd5 cxd5 10. e4 dxe4 11. Nd4 Ngf6 12. dxe4 Bxe4 13. Bxe4 Nxe4
14. Nb5 Rc8 15. Nxa7 Rc5 16. b4 Rd5 17. Qe2 g5 18. Qxe4 Bg7 19. Nc3 Bxc3
20. Rac1 Qf6 21. Be3 O-O 22. a4 Bd4 23. Bxd4 Qxd4 24. Qxd4 Rxd4 25. Rfd1
Rxd1+ 26. Rxd1 Nb6 27. a5 Nd5 28. b5 Ra8 29. b6 Kf8 30. Rc1 Ke7 31. a6 Kd7
32. Nc6 1-0

[Event "Najdorf Mem Open A"]
[Site "Warsaw POL"]
[Date "2010.07.25"]
[Round "9"]
[White "Krzyzanowski,M"]
[Black "Stoma,P"]
[Result "1-0"]
[WhiteElo "2377"]
[BlackElo "2302"]
[EventDate "2010.07.17"]

1. d4 d5 2. c4 c6 3. Nf3 Nf6 4. e3 Bg4 5. h3 Bxf3 6. Qxf3 e6 7. Nc3 Bb4 8.
Bd3 Bxc3+ 9. bxc3 Qa5 10. Bd2 O-O 11. O-O Nbd7 12. Qe2 Ne4 13. Be1 Qc7 14.
cxd5 cxd5 15. c4 Ndf6 16. Bb4 Rfc8 17. Rfc1 b6 18. f3 Ng3 19. Qe1 Qb8 20.
c5 a5 21. Bd2 bxc5 22. Rab1 Qc7 23. Rxc5 Qd6 24. Rxc8+ Rxc8 25. Bxa5 Qa3
26. Qc3 Qf8 27. Qb4 Nf5 28. Qxf8+ Kxf8 29. Bb4+ Ke8 30. Kf2 Ra8 31. a4 Nd7
32. a5 Ne7 33. a6 Nc8 34. Ba5 Nb8 35. Bb5+ Ke7 36. Rc1 Nxa6 37. Rc6 1-0

[Event "Najdorf Mem Open A"]
[Site "Warsaw POL"]
[Date "2010.07.25"]
[Round "9"]
[White "Czarnota,D"]
[Black "Nguyen,P"]
[Result "0-1"]
[WhiteElo "2214"]
[BlackElo "2372"]
[EventDate "2010.07.17"]

1. d4 Nf6 2. c4 g6 3. Nc3 Bg7 4. e4 O-O 5. f3 d6 6. Be3 a6 7. Qd2 c6 8. Rd1
Qa5 9. Nge2 Nbd7 10. Nc1 b5 11. Nb3 Qc7 12. cxb5 axb5 13. a3 Ba6 14. Be2
Rfb8 15. Na2 c5 16. Rc1 c4 17. Nb4 e5 18. O-O Bb7 19. Rfd1 Rd8 20. dxe5
dxe5 21. Qe1 Bf8 22. Kh1 Qb8 23. Na1 Nh5 24. Bf1 Nf4 25. Nac2 Nc5 26. g3
Nfe6 27. Qf2 Na4 28. Ne1 Bc5 29. b3 cxb3 30. Rxd8+ Qxd8 31. Bxc5 b2 32. Rb1
Nexc5 33. Bxb5 Nc3 34. Rxb2 Nd1 35. Qxc5 Nxb2 36. Qxe5 Qd2 37. Nbc2 Nd1 38.
Qd4 Nf2+ 39. Kg2 Rd8 40. Qxd2 Rxd2 41. Kg1 f5 42. exf5 Nh3+ 43. Kh1 Rxc2
0-1

[Event "Najdorf Mem Open A"]
[Site "Warsaw POL"]
[Date "2010.07.25"]
[Round "9"]
[White "Deszczynski,A"]
[Black "Przezdziecka,M"]
[Result "1-0"]
[WhiteElo "2352"]
[BlackElo "2278"]
[EventDate "2010.07.17"]

1. e4 c5 2. Nf3 Nc6 3. Bb5 d6 4. O-O Bd7 5. Re1 Nf6 6. c3 a6 7. Bf1 Bg4 8.
d3 e6 9. Nbd2 Be7 10. h3 Bh5 11. g4 Bg6 12. Nh4 Nd7 13. Ng2 e5 14. Nf3 h5
15. g5 Nf8 16. d4 cxd4 17. cxd4 exd4 18. h4 Ne6 19. Nf4 Nxf4 20. Bxf4 O-O
21. Nxd4 Nxd4 22. Qxd4 Qd7 23. Qe3 f6 24. Bh3 Qd8 25. Rad1 fxg5 26. hxg5
Kh8 27. Bxd6 Bxd6 28. e5 Qa5 29. Rxd6 Bf5 30. Bg2 Rae8 31. a3 Re7 32. b4
Qb5 33. g6 Qe8 34. Qg5 Bg4 35. f3 Rxf3 36. Bxf3 Bxf3 37. Rf1 Bg4 38. Rf4
Be2 39. Rfd4 1-0

[Event "Najdorf Mem Open A"]
[Site "Warsaw POL"]
[Date "2010.07.25"]
[Round "9"]
[White "Zurkowski,A"]
[Black "Matuszewski,M"]
[Result "0-1"]
[WhiteElo "2175"]
[BlackElo "2317"]
[EventDate "2010.07.17"]

1. d4 d5 2. Nf3 Nf6 3. e3 e6 4. Bd3 Nbd7 5. Nbd2 c5 6. b3 cxd4 7. exd4 b6
8. O-O Bd6 9. Bb2 Bb7 10. Re1 Rc8 11. a3 O-O 12. Ne5 Qe7 13. f4 Rfd8 14. f5
Ne4 15. Bxe4 dxe4 16. Nxd7 Qxd7 17. fxe6 Qxe6 18. c4 Qh6 19. Nf1 b5 20. Qe2
Re8 21. c5 Bb8 22. Bc1 Qg6 23. Qf2 f5 24. Ra2 f4 25. Qh4 e3 26. h3 Re4 27.
Qg4 f3 28. Qxf3 Rf8 0-1

[Event "Najdorf Mem Open A"]
[Site "Warsaw POL"]
[Date "2010.07.25"]
[Round "9"]
[White "Doluhanova,E"]
[Black "Laurusas,T"]
[Result "0-1"]
[WhiteElo "2312"]
[BlackElo "2233"]
[EventDate "2010.07.17"]

1. e4 c5 2. Nf3 e6 3. d4 cxd4 4. Nxd4 a6 5. Bd3 Bc5 6. Nb3 Be7 7. O-O Qc7
8. Nc3 d6 9. f4 Nf6 10. Kh1 Nbd7 11. Qf3 b6 12. Qg3 Bb7 13. a4 h5 14. Be3
g6 15. Rae1 h4 16. Qh3 Nh5 17. Kg1 Nc5 18. Nxc5 bxc5 19. Be2 f5 20. Bc4 Ng7
21. Bd2 Qd7 22. exf5 gxf5 23. Nd1 d5 24. Be2 O-O-O 25. b4 cxb4 26. Nf2 Bc5
27. Rb1 Nh5 28. Bxh5 Rxh5 29. Bxb4 Ba7 30. Qc3+ Qc6 31. Qxc6+ Bxc6 32. Rfe1
Rh6 33. Be7 Re8 34. Bg5 Rh7 35. a5 Bb5 36. Rb3 Rc7 37. c3 Rc4 38. Bxh4 Rxf4
39. Bg3 Re4 40. Rbb1 f4 41. Bh4 Rg8 42. c4 Rxe1+ 43. Rxe1 dxc4 44. g3 c3
45. Kg2 Be3 0-1

[Event "Najdorf Mem Open A"]
[Site "Warsaw POL"]
[Date "2010.07.25"]
[Round "9"]
[White "Lammens,Tim"]
[Black "Goslawski,M"]
[Result "1-0"]
[WhiteElo "2268"]
[BlackElo "2018"]
[EventDate "2010.07.17"]

1. Nf3 c5 2. g3 g6 3. Bg2 Bg7 4. O-O Nc6 5. c4 d6 6. Nc3 e5 7. a3 Nge7 8.
b4 cxb4 9. axb4 O-O 10. b5 Nd4 11. Ba3 Bf5 12. Ra2 Qc7 13. Nxd4 exd4 14.
Nd5 Nxd5 15. Bxd5 Be6 16. Bxe6 fxe6 17. d3 a5 18. bxa6 Rxa6 19. Qb3 Rfa8
20. Rfa1 Qc6 21. Bb4 Kf7 22. Rxa6 Rxa6 23. Rb1 Rb6 24. Qa2 Bf8 25. Ba5
Rxb1+ 26. Qxb1 d5 27. cxd5 Qxd5 28. Qb6 Be7 29. Bd2 Bd6 30. Qd8 Be5 31. Qa8
Bg7 32. Bb4 Qb5 33. Bd6 Qd7 34. Qb8 g5 35. g4 h6 36. h3 Kg6 37. Bb4 Kh7 38.
Bd6 Kg6 39. Ba3 Kh7 40. f4 gxf4 41. Qxf4 Qc6 42. h4 e5 43. Qf5+ Qg6 44. Qd7
e4 45. Bc5 exd3 46. exd3 Kg8 47. Bxd4 Bxd4+ 48. Qxd4 Qc6 49. Qc4+ Kg7 50.
Qxc6 bxc6 51. Kf2 Kf6 52. Ke3 1-0

[Event "Najdorf Mem Open A"]
[Site "Warsaw POL"]
[Date "2010.07.25"]
[Round "9"]
[White "Gamback,B"]
[Black "Banasik,K"]
[Result "1/2-1/2"]
[WhiteElo "2192"]
[BlackElo "2250"]
[EventDate "2010.07.17"]

1. Nf3 Nf6 2. c4 e6 3. Nc3 d5 4. d4 Be7 5. Bg5 O-O 6. e3 a6 7. Qc2 Nbd7 8.
Rc1 h6 9. Bh4 dxc4 10. Bxc4 b5 11. Be2 c5 12. O-O 1/2-1/2

[Event "Najdorf Mem Open A"]
[Site "Warsaw POL"]
[Date "2010.07.25"]
[Round "9"]
[White "Bugajski,R"]
[Black "Zaninotto,F"]
[Result "0-1"]
[WhiteElo "2222"]
[BlackElo "2189"]
[EventDate "2010.07.17"]

1. d4 Nf6 2. Nf3 g6 3. g3 Bg7 4. Bg2 O-O 5. O-O d6 6. c4 c6 7. b3 Bf5 8.
Bb2 Qd7 9. Re1 Na6 10. a3 c5 11. d5 Nc7 12. Nfd2 Bh3 13. e4 Bxg2 14. Kxg2
e6 15. Nc3 exd5 16. cxd5 b5 17. h3 Nh5 18. Nf3 Rae8 19. Qd2 f5 20. Ng5 f4
21. g4 f3+ 22. Nxf3 Nf4+ 23. Kg3 Nxh3 24. Rh1 Rxf3+ 25. Kxf3 Rf8+ 26. Kg3
Nxf2 27. Qe2 Be5+ 28. Kg2 Nxh1 29. Rxh1 Rf4 30. Kh3 h5 31. Rg1 hxg4+ 32.
Kg2 Rf3 33. Nd1 Qh7 34. Nf2 Qh2+ 35. Kf1 Bxb2 36. Rxg4 Qh1+ 37. Rg1 Qh3+
38. Ke1 Bc3+ 0-1

[Event "Najdorf Mem Open A"]
[Site "Warsaw POL"]
[Date "2010.07.25"]
[Round "9"]
[White "Solnicki,M"]
[Black "Lewandowski,Ra"]
[Result "1-0"]
[WhiteElo "2084"]
[BlackElo "2240"]
[EventDate "2010.07.17"]

1. Nf3 Nf6 2. c4 e6 3. g3 b6 4. Bg2 Bb7 5. O-O Be7 6. Nc3 O-O 7. d4 d5 8.
cxd5 exd5 9. Bg5 Ne4 10. Bxe7 Qxe7 11. Nd2 Nxc3 12. bxc3 c5 13. Re1 cxd4
14. cxd4 Qb4 15. e3 Nd7 16. Bh3 Nf6 17. Rc1 Bc8 18. Bg2 Be6 19. Nf3 Rac8
20. Qb3 Qa5 21. Ne5 Qd2 22. Rcd1 Qa5 23. Rc1 Ne4 24. Qb2 Nc3 25. a3 Rc7 26.
Bf1 Rfc8 27. Nd3 Bf5 28. Nc5 bxc5 29. Qxc3 Qb6 30. dxc5 Rxc5 31. Qe5 Qe6
32. Qxe6 fxe6 33. Rxc5 Rxc5 34. Ra1 Kf7 35. a4 a5 36. Bb5 Ke7 37. f3 Kd6
38. g4 Bg6 39. Kf2 e5 40. h4 Rc2+ 41. Kg3 Rc3 42. Re1 Kc5 43. h5 Bc2 44. g5
Kb4 45. h6 gxh6 46. gxh6 d4 47. exd4 exd4 48. Kf4 Rc5 49. Re7 Rf5+ 50. Kg4
Rf6 51. Rd7 Kc3 52. Rc7+ Kd2 53. Rc6 Rf7 54. Ra6 Ke3 55. Re6+ Be4 56. Rxe4+
1-0

[Event "Najdorf Mem Open A"]
[Site "Warsaw POL"]
[Date "2010.07.25"]
[Round "9"]
[White "Fuchs,Ju"]
[Black "Bernotas,A"]
[Result "1/2-1/2"]
[WhiteElo "2232"]
[BlackElo "2059"]
[EventDate "2010.07.17"]

1. e4 c5 2. Nc3 d6 3. f4 g6 4. Nf3 Bg7 5. Bc4 Nc6 6. O-O Nf6 7. d3 O-O 8.
Qe1 Nd4 9. Nd5 Nxd5 10. Bxd5 e6 11. Bb3 Bd7 12. f5 exf5 13. exf5 Bxf5 14.
Bf4 Qd7 15. Qg3 Rfe8 16. Rae1 1/2-1/2

[Event "Najdorf Mem Open A"]
[Site "Warsaw POL"]
[Date "2010.07.25"]
[Round "9"]
[White "Alvarado,C"]
[Black "Kamieniecki,T"]
[Result "1-0"]
[WhiteElo "2216"]
[BlackElo "2016"]
[EventDate "2010.07.17"]

1. d4 Nf6 2. c4 g6 3. Nc3 Bg7 4. e4 d6 5. Be2 O-O 6. Bg5 c5 7. d5 e6 8. Qd2
exd5 9. exd5 Re8 10. Nf3 a6 11. O-O Nbd7 12. Bd3 Qc7 13. Rfe1 Rb8 14. a4 h5
15. h3 Nf8 16. Bh6 Bd7 17. Bxg7 Kxg7 18. Ne4 Nxe4 19. Bxe4 Qd8 20. b4 Qf6
21. Ra3 b6 22. a5 Rec8 23. axb6 Rxb6 24. bxc5 Rxc5 25. Rc3 Nh7 26. Rec1 Rb4
27. Qe3 Ra4 28. Bb1 Rca5 29. Nd2 Qd8 30. Qd4+ Nf6 31. Rf3 Rxd5 32. Qb2 Re5
33. Bc2 Raa5 34. Nb3 Qb6 35. Qc3 Ra2 36. c5 Qc7 37. Rxf6 Be6 38. Rxe6 fxe6
39. f4 1-0

[Event "Najdorf Mem Open A"]
[Site "Warsaw POL"]
[Date "2010.07.25"]
[Round "9"]
[White "Jacek,K"]
[Black "Tscharotschkin,M"]
[Result "1/2-1/2"]
[WhiteElo "2055"]
[BlackElo "2201"]
[EventDate "2010.07.17"]

1. d4 e6 2. e4 d5 3. Nd2 Nf6 4. e5 Nfd7 5. Bd3 c5 6. c3 Nc6 7. Ngf3 Be7 8.
O-O g5 9. h3 h5 10. g4 hxg4 11. hxg4 Qb6 12. Re1 cxd4 13. cxd4 Nxd4 14.
Nxd4 Qxd4 15. Nb3 Qb6 16. Be3 Qd8 17. Bd4 b6 18. a4 Nc5 19. Bb5+ Bd7 20.
Bxd7+ Qxd7 21. a5 Nxb3 22. Qxb3 Bc5 23. Qe3 Bxd4 24. Qxd4 b5 25. Rac1 Kf8
26. Qe3 Qe7 27. Kg2 Kg7 28. f3 Rh6 29. Rh1 Rah8 30. Rxh6 Rxh6 31. Rc6 Qd8
32. Rd6 Qxa5 33. Qxg5+ Rg6 34. Qc1 Qb4 35. g5 Qh4 36. f4 Qg4+ 37. Kf2 Qf5
38. Kg3 Qd3+ 39. Kg2 Qe2+ 40. Kg3 Qd3+ 41. Kg2 a5 42. Rd8 Qe4+ 43. Kg3 Kh7
44. Qg1 Qd3+ 45. Kg2 Qd2+ 46. Kf3 Qd3+ 47. Kg2 Qe2+ 48. Kg3 Qd3+ 49. Kg2
Qe2+ 50. Kg3 Qh5 51. Qb1 Kg7 52. Qc1 Kh7 53. Qb1 1/2-1/2

[Event "Najdorf Mem Open A"]
[Site "Warsaw POL"]
[Date "2010.07.25"]
[Round "9"]
[White "Grochulski,G"]
[Black "Rademakers,E"]
[Result "0-1"]
[WhiteElo "2045"]
[BlackElo "2171"]
[EventDate "2010.07.17"]

1. e4 c6 2. d4 d5 3. e5 c5 4. c3 Nc6 5. Na3 Bf5 6. g4 Bd7 7. Bg2 e6 8. Ne2
h5 9. h3 hxg4 10. hxg4 Rxh1+ 11. Bxh1 Nh6 12. Bf3 Qh4 13. Ng3 O-O-O 14. Nc2
f6 15. exf6 gxf6 16. Be3 cxd4 17. Nxd4 Ne5 18. g5 fxg5 19. Qd2 Nhf7 20.
O-O-O Nc4 21. Qe2 g4 22. Bxg4 Nxe3 23. fxe3 Qxg3 24. Bxe6 Ne5 25. Bxd5 Bg4
26. Qb5 Rxd5 27. Qxd5 Qxe3+ 28. Kb1 Bxd1 29. Ne6 Qd3+ 30. Qxd3 Nxd3 31.
Nxf8 Bg4 32. Ng6 Kd7 33. Kc2 Bf5 34. Nh4 Be4 35. c4 Kc6 36. Kc3 Kc5 37. Nf3
Bxf3 38. Kxd3 Kb4 39. Kd4 Bh5 40. b3 Ka3 41. c5 Bf3 42. Kc4 Bc6 43. b4 a6
0-1

[Event "Najdorf Mem Open A"]
[Site "Warsaw POL"]
[Date "2010.07.25"]
[Round "9"]
[White "Suchocki,T"]
[Black "Choroszej,A"]
[Result "0-1"]
[WhiteElo "1978"]
[BlackElo "2095"]
[EventDate "2010.07.17"]

1. d4 g6 2. c4 Bg7 3. e4 d6 4. Nc3 Nf6 5. Nf3 O-O 6. Be2 e5 7. Be3 Ng4 8.
Bg5 f6 9. Bh4 g5 10. Bg3 Nh6 11. dxe5 dxe5 12. Qb3 c6 13. Rd1 Qe7 14. O-O
Be6 15. Rd2 Na6 16. Rfd1 Nf7 17. a3 g4 18. Nh4 Bh6 19. Rc2 Nc5 20. Qa2 Nd6
21. f3 gxf3 22. gxf3 Be3+ 23. Bf2 Bxf2+ 24. Kxf2 f5 25. Rg1+ Kh8 26. Nxf5
Nxf5 27. exf5 Qh4+ 28. Rg3 Qxh2+ 29. Rg2 Qh4+ 30. Kg1 Bxf5 31. Rc1 Rg8 0-1

[Event "Najdorf Mem Open A"]
[Site "Warsaw POL"]
[Date "2010.07.25"]
[Round "9"]
[White "Szewczak,And"]
[Black "Kaczmarek,M"]
[Result "1-0"]
[WhiteElo "1981"]
[BlackElo "2044"]
[EventDate "2010.07.17"]

1. e4 c5 2. Nc3 Nc6 3. f4 e6 4. Nf3 d5 5. d3 Nf6 6. Be2 b5 7. e5 Nd7 8. d4
b4 9. Nb1 Nxd4 10. Nxd4 cxd4 11. Qxd4 Bc5 12. Qd3 Qb6 13. Qg3 O-O 14. Nd2
f6 15. Nf3 Ba6 16. Bd3 Bxd3 17. cxd3 fxe5 18. fxe5 Be3 19. Ke2 Bxc1 20.
Rhxc1 b3 21. a3 Rac8 22. Qe1 a5 23. Rxc8 Rxc8 24. Rc1 Rc5 25. d4 Qb5+ 26.
Kd2 Rc4 27. Rxc4 dxc4 28. Qe4 h6 29. Qa8+ Kh7 30. g4 Nb6 31. Qe4+ Kg8 32.
g5 h5 33. g6 Nd5 34. Qh4 c3+ 35. bxc3 Qd7 36. Qxh5 Ne7 37. Ng5 Nf5 38. Qf3
Qc8 39. Nxe6 b2 40. Qxf5 Qb8 41. Qf7+ 1-0

[Event "Najdorf Mem Open A"]
[Site "Warsaw POL"]
[Date "2010.07.25"]
[Round "9"]
[White "Borowicz,P"]
[Black "Lada,M"]
[Result "0-1"]
[WhiteElo "2001"]
[BlackElo "2159"]
[EventDate "2010.07.17"]

1. d4 e6 2. c4 f5 3. g3 Nf6 4. Nf3 d5 5. Bg2 c6 6. O-O Bd6 7. b3 Qe7 8. Bb2
O-O 9. Qc1 b5 10. cxb5 cxb5 11. Nc3 Bd7 12. Ne5 b4 13. Na4 Rc8 14. Qd2 Bb5
15. Rfc1 Nbd7 16. Nxd7 Nxd7 17. f3 Bxa4 18. bxa4 Nb6 19. e4 Qd7 20. a5 Nc4
21. Qe2 Re8 22. Rxc4 dxc4 23. Qxc4 Rac8 24. Qb3 Kh8 25. e5 Be7 26. f4 Bf8
27. d5 exd5 28. Bxd5 Qb5 29. Re1 Qc5+ 30. Kf1 Red8 31. Rd1 Qc2 32. e6 Qxh2
33. e7 Bxe7 34. Re1 Bc5 0-1

[Event "Najdorf Mem Open A"]
[Site "Warsaw POL"]
[Date "2010.07.25"]
[Round "9"]
[White "Zakoscielna,K"]
[Black "Wisniowska,K"]
[Result "1/2-1/2"]
[WhiteElo "2040"]
[BlackElo "1999"]
[EventDate "2010.07.17"]

1. e4 c5 2. Nf3 d6 3. d4 cxd4 4. Nxd4 Nf6 5. Nc3 Nc6 6. Bg5 Bd7 7. Qd3 Rc8
8. Bxf6 gxf6 9. f4 Nxd4 10. Qxd4 Qa5 11. O-O-O Qc5 12. Qd3 e6 13. Kb1 Ke7
14. Be2 Bg7 15. Bf3 Bc6 16. f5 e5 17. g4 h5 18. gxh5 Bh6 19. a3 Rhd8 20.
Rhe1 b5 21. Qe2 Qb6 22. Nd5+ Bxd5 23. Rxd5 Rc5 24. Red1 a5 25. R1d3 b4 26.
a4 Qc6 27. Rxc5 dxc5 28. Rxd8 1/2-1/2

[Event "Najdorf Mem Open A"]
[Site "Warsaw POL"]
[Date "2010.07.25"]
[Round "9"]
[White "Bursa,R"]
[Black "Spicak,K"]
[Result "0-1"]
[WhiteElo "2014"]
[BlackElo "2026"]
[EventDate "2010.07.17"]

1. d4 d5 2. Nf3 Nf6 3. c4 c6 4. cxd5 cxd5 5. Nc3 g6 6. Bf4 Bg7 7. e3 O-O 8.
Bd3 Bg4 9. O-O Nc6 10. Rc1 Nh5 11. Bg3 Nxg3 12. hxg3 e6 13. Be2 f5 14. Qb3
Rf7 15. Na4 Rc7 16. Nc5 Qe7 17. Rc3 Rac8 18. Rfc1 Bxf3 19. gxf3 Bf8 20. Qb5
Nd8 21. f4 Rc6 22. Qa4 a6 23. Qb3 R8c7 24. Bf3 Kh8 25. Be2 Qe8 26. Nd3 Rxc3
27. Rxc3 Rxc3 28. Qxc3 Qc6 29. Ne5 Qxc3 30. bxc3 Kg7 31. c4 dxc4 32. Bxc4
Bd6 33. Nf3 Kf6 34. Kf1 b5 35. Bb3 a5 36. a4 bxa4 37. Bxa4 h6 38. Ke2 g5
39. fxg5+ hxg5 40. Kd3 Nf7 41. Nd2 g4 42. e4 Bb4 43. e5+ Ke7 44. Nc4 Ng5
45. Ne3 Nh3 46. Ke2 Ng1+ 47. Kd3 Be1 48. Nd1 Nh3 49. Ke2 Bb4 50. Bc6 Ng5
51. Ke3 Be1 52. Ke2 Bb4 53. Ke3 Kd8 54. Nb2 Kc7 55. Ba4 Bc3 56. Nd3 Nf3 57.
d5 Bd2+ 58. Ke2 exd5 59. Nf4 Bxf4 60. gxf4 Nd4+ 61. Kd2 Ne6 62. Bc2 Ng7 63.
Kc3 Kc6 64. Ba4+ Kc5 65. Bd7 d4+ 66. Kc2 Kd5 67. Kd3 a4 68. Bxa4 Nh5 69.
Bb3+ Kc5 70. Kd2 Nxf4 71. Bc2 Ng6 72. Bxf5 Nxe5 73. Ke2 Kc4 74. Kd2 d3 75.
Bc8 Kd4 76. Bf5 Nf3+ 77. Kd1 Nh2 78. Kd2 Nf1+ 79. Kd1 Nh2 80. Kd2 Nf3+ 81.
Kd1 Ne5 82. Kd2 Nc4+ 83. Kd1 g3 84. Bh3 gxf2 85. Bf1 Ne3+ 86. Kd2 Nxf1+ 87.
Kc1 Ne3 88. Kb2 f1=Q 89. Ka2 Kc3 90. Ka3 Qa1+ 0-1

[Event "Najdorf Mem Open A"]
[Site "Warsaw POL"]
[Date "2010.07.25"]
[Round "9"]
[White "Winski,L"]
[Black "Krasiewicz,R"]
[Result "1-0"]
[WhiteElo "2115"]
[BlackElo "2053"]
[EventDate "2010.07.17"]

1. e4 e6 2. d4 d5 3. Nc3 Nf6 4. Bg5 Bb4 5. e5 h6 6. Bd2 Bxc3 7. bxc3 Ne4 8.
Qg4 Kf8 9. Bd3 Nxd2 10. Kxd2 c5 11. Nf3 Nc6 12. Qf4 Kg8 13. h4 c4 14. Be2
Bd7 15. Rh3 Qe7 16. Nh2 Rf8 17. Ng4 Rh7 18. Rg3 Kh8 19. Rh1 Qd8 20. h5 f6
21. exf6 gxf6 22. Rf3 Kg7 23. Rg3 Kh8 24. Rf3 Kg7 25. Rhh3 f5 26. Rhg3 Kh8
27. Ne5 Nxe5 28. dxe5 Be8 29. Rg6 Rg8 30. Rxh6 Rg4 31. Rxh7+ Kxh7 32. Qe3
Rxg2 33. Rg3 Rxg3 34. fxg3 b6 35. g4 Qh4 36. gxf5 exf5 37. Qf3 Qe4 38. Qg3
Bf7 39. Bf3 Bxh5 40. Bxe4 1-0

[Event "Najdorf Mem Open A"]
[Site "Warsaw POL"]
[Date "2010.07.25"]
[Round "9"]
[White "Kuciel,W"]
[Black "Gluszko,M"]
[Result "0-1"]
[WhiteElo "2088"]
[BlackElo "2004"]
[EventDate "2010.07.17"]

1. Nf3 Nf6 2. c4 g6 3. Nc3 d5 4. cxd5 Nxd5 5. g3 Bg7 6. Bg2 O-O 7. O-O Nb6
8. d3 Nc6 9. a3 h6 10. Bd2 e5 11. h3 Be6 12. Ne4 Nd7 13. Qc1 f5 14. Nc5
Nxc5 15. Qxc5 e4 16. Qe3 exf3 17. Qxe6+ Kh7 18. Bxf3 Nd4 19. Qc4 b5 20. Qd5
Nxe2+ 21. Kh2 Qxd5 22. Bxd5 Rad8 23. Bg2 Rxd3 24. Bb4 Rc8 25. Rfe1 Nd4 26.
Re7 Kh8 27. Bf1 Rb3 28. Kg2 Nc6 29. Re6 Nxb4 30. axb4 Rxb4 31. Rxg6 Rxb2
32. Bd3 Rd2 33. Bxf5 Rf8 34. g4 Bxa1 0-1